[Event "GER-chT U20 Girls"]
[Site "Braunschweig"]
[Date "2019.12.28"]
[Round "4.2"]
[White "Rudolph, Eva"]
[Black "Moenster, Madita"]
[Result "1-0"]
[WhiteElo "1711"]
[BlackElo "1956"]
[PlyCount "157"]
[EventDate "2019.12.27"]
[EventType "team-swiss"]
[EventRounds "7"]
[EventCountry "GER"]
[SourceTitle "CBM 194 Extra"]
[Source "ChessBase"]
[SourceDate "2020.03.31"]
[SourceVersion "1"]
[SourceVersionDate "2020.03.31"]
[SourceQuality "1"]
[WhiteTeam "Duesseldorf SK"]
[BlackTeam "Lingen"]
[WhiteTeamCountry "GER"]
[BlackTeamCountry "GER"]

1. e4 c5 2. Nc3 a6 3. f4 b5 4. Nf3 Bb7 5. d3 Nf6 6. a3 e6 7. Be2 Be7 8. 0-0 d5 9. e5 Nfd7 10. d4 0-0 11. Kh1 Nc6 12. Be3 Na5 13. Nd2 Qc7 14. Rf3 f6 15. Rh3 cxd4 16. Bxd4 fxe5 17. Bd3 Bf6 18. Bxh7+ Kf7 19. Qh5+ Ke7 20. fxe5 Bxe5 21. Nf3 Bxd4 22. Nxd4 Qf4 23. Nce2 Qe5 24. Qh4+ Qf6 25. Re1 Nc6 26. Nxc6+ Bxc6 27. Nf4 Kd6 28. Qxf6 Rxf6 29. Nd3 Raf8 30. Kg1 Rh8 31. Bf5 Rxh3 32. Bxh3 d4 33. Nb4 Nc5 34. Nxc6 Kxc6 35. b4 Na4 36. Rxe6+ Rxe6 37. Bxe6 Nc3 38. h4 Nb1 39. g4 Nxa3 40. Bb3 Kd6 41. Kf2 Ke5 42. Kg3 Nc4 43. h5 Nd2 44. g5 Kf5 45. h6 gxh6 46. gxh6 Kg6 47. Kf4 Kxh6 48. Be6 Kg6 49. Bc8 Nc4 50. Bxa6 Na3 51. Bc8 Kf6 52. Bf5 Nc4 53. Bd3 Nd6 54. Bh7 Ke6 55. Bg8+ Kf6 56. Bd5 Nc4 57. Bxc4 bxc4 58. Ke4 d3 59. cxd3 c3 60. Ke3 Ke5 61. d4+ Kd5 62. Kd3 c2 63. Kxc2 Kxd4 64. Kb3 Kd5 65. Ka4 Kc6 66. Ka5 Kb7 67. Kb5 Ka7 68. Kc6 Ka6 69. Kc5 Ka7 70. Kb5 Kb7 71. Kc5 Ka7 72. Kc6 Ka6 73. b5+ Ka7 74. Kc7 Ka8 75. Kb6 Kb8 76. Ka6 Ka8 77. b6 Kb8 78. b7 Kc7 79. Ka7 1-0

[Event "GER-chT U20 Girls"]
[Site "Braunschweig"]
[Date "2019.12.27"]
[Round "2.2"]
[White "Schnabel, Luise"]
[Black "Moenster, Madita"]
[Result "1-0"]
[WhiteElo "1836"]
[BlackElo "1956"]
[PlyCount "129"]
[EventDate "2019.12.27"]
[EventType "team-swiss"]
[EventRounds "7"]
[EventCountry "GER"]
[SourceTitle "CBM 194 Extra"]
[Source "ChessBase"]
[SourceDate "2020.03.31"]
[SourceVersion "1"]
[SourceVersionDate "2020.03.31"]
[SourceQuality "1"]
[WhiteTeam "Harksheide"]
[BlackTeam "Lingen"]
[WhiteTeamCountry "GER"]
[BlackTeamCountry "GER"]

1. e4 c5 2. Nf3 d6 3. d4 cxd4 4. Nxd4 Nf6 5. Nc3 a6 6. Bg5 Nbd7 7. f4 Qc7 8. Qf3 e6 9. 0-0-0 Be7 10. Bd3 0-0 11. g4 Nb6 12. Bh4 Ne8 13. Bxe7 Qxe7 14. h4 Bd7 15. g5 Rc8 16. Rhg1 f6 17. Rd2 Nc4 18. Bxc4 Rxc4 19. Qd3 Rc5 20. Rdg2 fxg5 21. Nb3 Rc8 22. fxg5 b5 23. a3 Bc6 24. Rg4 Qd8 25. Rf1 Nc7 26. Rgf4 Qe7 27. Qe3 Bd7 28. Kb1 Rxf4 29. Rxf4 e5 30. Rf2 Be6 31. Ne2 Rf8 32. Rxf8+ Qxf8 33. Qb6 Qe7 34. Na5 Qd7 35. Nc6 Qf7 36. Nc1 Qd7 37. Nb8 Qc8 38. Nc6 Qd7 39. Nb4 d5 40. exd5 Nxd5 41. Qb8+ Kf7 42. Qxe5 Nxb4 43. Qf4+ Kg8 44. Qxb4 Qc6 45. Qf4 Qb6 46. h5 Bf7 47. h6 Qg6 48. Qb8+ Be8 49. Nd3 Kf8 50. Qf4+ Qf7 51. Qd6+ Kg8 52. Qxa6 gxh6 53. gxh6 Qg6 54. Qc8 Kf8 55. Qc5+ Kg8 56. Qe7 Bf7 57. Qd8+ Be8 58. Ne5 Qh5 59. Qe7 Bf7 60. Nxf7 Qxf7 61. Qxf7+ Kxf7 62. b3 Kg6 63. a4 bxa4 64. bxa4 Kxh6 65. a5 1-0

[Event "BL2 West 1920 (Women)"]
[Site "Germany"]
[Date "2019.12.14"]
[Round "3.1"]
[White "Moenster, Madita"]
[Black "Freitag, Julia"]
[Result "1/2-1/2"]
[WhiteElo "1956"]
[BlackElo "2120"]
[PlyCount "55"]
[EventDate "2019.09.14"]
[EventType "team-tourn"]
[EventRounds "7"]
[EventCountry "GER"]
[SourceTitle "EXT 2021"]
[Source "ChessBase"]
[SourceDate "2020.10.23"]
[SourceVersion "1"]
[SourceVersionDate "2020.10.23"]
[SourceQuality "1"]
[WhiteTeam "Delmenhorst (W)"]
[BlackTeam "Steinfurt (W)"]
[WhiteTeamCountry "GER"]
[BlackTeamCountry "GER"]

1. e4 e6 2. d4 d5 3. Nc3 dxe4 4. Nxe4 Be7 5. Nf3 Nf6 6. Bd3 b6 7. Qe2 Bb7 8. 0-0 Nc6 9. c3 h6 10. b4 Nd5 11. Bd2 g5 12. Bb5 a6 13. Bxc6+ Bxc6 14. Ne5 Bb7 15. Qh5 Rh7 16. f4 Nxc3 17. Bxc3 Bxe4 18. Rae1 Qd5 19. Qe2 f6 20. Ng4 Bg6 21. fxg5 hxg5 22. Rxf6 Bf5 23. Ne3 Qd6 24. Nxf5 Qxh2+ 25. Kf2 Qf4+ 26. Kg1 Qh2+ 27. Kf2 Qf4+ 28. Kg1 1/2-1/2

[Event "GER-chT Lands U20"]
[Site "Wuerzburg"]
[Date "2019.10.06"]
[Round "7.2"]
[White "Moenster, Madita"]
[Black "Farokhi, Keyvan"]
[Result "0-1"]
[WhiteElo "2004"]
[BlackElo "2018"]
[PlyCount "106"]
[EventDate "2019.10.01"]
[EventType "team-swiss"]
[EventRounds "7"]
[EventCountry "GER"]
[SourceTitle "EXT 2020"]
[Source "ChessBase"]
[SourceDate "2019.10.17"]
[SourceVersion "1"]
[SourceVersionDate "2019.10.17"]
[SourceQuality "1"]
[WhiteTeam "Niedersachsen"]
[BlackTeam "Schleswig Holstein"]
[WhiteTeamCountry "GER"]
[BlackTeamCountry "GER"]

1. e4 e5 2. Nf3 Nc6 3. Bb5 a6 4. Ba4 Nf6 5. 0-0 Be7 6. Re1 b5 7. Bb3 0-0 8. c3 d5 9. exd5 Nxd5 10. Nxe5 Nxe5 11. Rxe5 c6 12. d3 Bd6 13. Re1 Bf5 14. Nd2 Nf4 15. Nf3 Nxd3 16. Re2 Qc7 17. h3 Rad8 18. Qf1 Nxc1 19. Qxc1 Bd3 20. Re1 Bf4 21. Qd1 c5 22. Bc2 Bc4 23. Qb1 g6 24. b3 Bd5 25. Be4 Be6 26. Qb2 f5 27. Bc2 Bd5 28. Bd1 Qg7 29. b4 Bxf3 30. Bxf3 Bd2 31. bxc5 Qxc3 32. Qb3+ Qxb3 33. axb3 Bxe1 34. Rxe1 Rc8 35. c6 Rc7 36. Rd1 a5 37. Rd4 Ra8 38. Rd7 Rxd7 39. cxd7 Rd8 40. Bc6 b4 41. Kf1 Kf7 42. Ke2 Ke7 43. Ke3 Rxd7 44. h4 Rd6 45. Bb5 Kf6 46. f4 h6 47. Kf3 Rd2 48. g4 fxg4+ 49. Kxg4 Rb2 50. Ba4 Ra2 51. Bb5 Ra3 52. Bc4 a4 53. bxa4 h5# 0-1

[Event "GER-chT Lands U20"]
[Site "Wuerzburg"]
[Date "2019.10.04"]
[Round "5.5"]
[White "Khamenya, Vitalia"]
[Black "Moenster, Madita"]
[Result "1/2-1/2"]
[WhiteElo "1908"]
[BlackElo "2004"]
[PlyCount "61"]
[EventDate "2019.10.01"]
[EventType "team-swiss"]
[EventRounds "7"]
[EventCountry "GER"]
[SourceTitle "EXT 2020"]
[Source "ChessBase"]
[SourceDate "2019.10.17"]
[SourceVersion "1"]
[SourceVersionDate "2019.10.17"]
[SourceQuality "1"]
[WhiteTeam "Bayern II"]
[BlackTeam "Niedersachsen"]
[WhiteTeamCountry "GER"]
[BlackTeamCountry "GER"]

1. e4 c5 2. Nf3 d6 3. d4 cxd4 4. Nxd4 Nf6 5. Nc3 a6 6. f4 e5 7. Nf3 Nc6 8. a4 Be7 9. Bc4 0-0 10. 0-0 Qc7 11. Ba2 Bd7 12. Qe1 Nb4 13. Bb3 a5 14. f5 Bc6 15. Qg3 Nxe4 16. Nxe4 Bxe4 17. Bh6 Bf6 18. Ng5 Qc5+ 19. Kh1 Qc6 20. Rf2 Kh8 21. Bxg7+ Bxg7 22. Qh4 h6 23. f6 d5 24. Nxe4 dxe4 25. Raf1 Nd5 26. Bxd5 Qxd5 27. fxg7+ Kxg7 28. Qf6+ Kh7 29. Qf5+ Kg7 30. Qf6+ Kh7 31. Qf5+ 1/2-1/2

[Event "GER-chT Lands U20"]
[Site "Wuerzburg"]
[Date "2019.10.03"]
[Round "3.3"]
[White "Moenster, Madita"]
[Black "Zhou, Lepu Coco"]
[Result "1-0"]
[WhiteElo "2004"]
[BlackElo "1739"]
[PlyCount "107"]
[EventDate "2019.10.01"]
[EventType "team-swiss"]
[EventRounds "7"]
[EventCountry "GER"]
[SourceTitle "EXT 2020"]
[Source "ChessBase"]
[SourceDate "2019.10.17"]
[SourceVersion "1"]
[SourceVersionDate "2019.10.17"]
[SourceQuality "1"]
[WhiteTeam "Niedersachsen"]
[BlackTeam "Berlin"]
[WhiteTeamCountry "GER"]
[BlackTeamCountry "GER"]

1. e4 e5 2. Nf3 Nc6 3. Bb5 a6 4. Ba4 Nf6 5. 0-0 Be7 6. Re1 b5 7. Bb3 0-0 8. c3 d5 9. exd5 Nxd5 10. Nxe5 Nxe5 11. Rxe5 c6 12. d3 Bd6 13. Re1 Qh4 14. g3 Qh3 15. Re4 Nf6 16. Rh4 Qf5 17. Nd2 g5 18. Rh6 Ng4 19. Ne4 Nxh6 20. Nxd6 Qh3 21. Qf3 Be6 22. Ne4 Ng4 23. Nf6+ Kh8 24. Nxg4 Qxg4 25. Qxg4 Bxg4 26. Bxg5 f6 27. Be3 Rfe8 28. Kg2 Be6 29. Bxe6 Rxe6 30. Re1 Rd8 31. d4 Rde8 32. Kf1 f5 33. Bd2 Rxe1+ 34. Bxe1 Kg7 35. b3 Rd8 36. Ke2 Kg6 37. Bd2 b4 38. Kd3 bxc3 39. Kxc3 Rd5 40. Kc4 Kf6 41. Bb4 f4 42. Bc5 Rh5 43. h4 Rd5 44. Kb4 Kf5 45. Ka5 fxg3 46. fxg3 Kg4 47. Kb6 Kxg3 48. Kxc6 Rd8 49. d5 Rc8+ 50. Kb6 Rb8+ 51. Kc7 Re8 52. d6 Re5 53. b4 Rd5 54. d7 1-0